000 00884cab a2200241 4500
001 WB3217-27
008 090401t1996 xxu||||| |||| 00| 0 eng d
035 _a(Sirsi) u7614
041 _aeng
245 _aBusiness rates
260 _c1996
350 _a0
490 _aEstates Gazette Case Summaries
_v1996 EGCS 67(1) (28/04/96)
520 _a"Borakat v Ealing LBC" QBD 18 April 1996. The justices found that a tenant returning keys to a landlord was not an effective surrender of the lease and that B was liable to pay business rates for the vacated period. B appealed; decision quashed and case remitted for reconsideration.
650 _aBORAKAT V EALING LBC
650 _aBUSINESS RATES
650 _aLEASES
650 _aLIABILITY
650 _aSURRENDER OF LEASE
690 _aLANDLORD AND TENANT-CASE LAW-BUSINESS TENANCIES
942 _n0
948 _c04/03/1997
999 _c4622
_d4622